Musiques d'XXXTentacion #1 - Statistiques

Statistiques générales
  • Ce quiz a été pris 282 fois
  • Le résultat moyen est 5 sur 11
Statistiques - réponses
Hint Réponse % Correct
Bébé, j'ai besoin de toi dans ma vie, dans ma vie Fuck Love
84%
J'ai mal, je veux mettre dix coups dans mon cerveau Jocelyn Flores
71%
J'ai creusé deux tombes pour nous, mon cher Revenge
65%
Dépression et obsession ne font pas bon ménage Depression & Obsession
59%
Bonjour (Bonjour), du côté obscur Save Me
45%
Fatigué de me sentir comme si j'étais piégé dans mon putain d'esprit Everybody Dies In Their Nightmares
39%
Pris au piège dans un concept, faussement accusé, abusé Carry On
33%
La douleur dans mon cœur ne finira pas Orlando
31%
17, une collection de cauchemars, de pensées et de situations réelles que j'ai vécues The Explanation
24%
Elle m'a montré un faux amour, je ne peux pas oublier Ayala (Outro)
19%
Mort à l'intérieur. Passer beaucoup de temps coincé dans cette tête, la mienne Dead Inside (Interlude)
16%
Aucun quiz correspondant
Distribution des résultats
% des personnes avec chaque résultat
Percentile par nombre de réponses
Votre historique - résultats
Vous n’avez pas pris ce quiz